00938nam a2200229 i 4500001000700000003000700007005001700014008004100031080002100072100004200093245010100135250001200236260003500248300002200283490005100305700003700356700002400393830005900417852009000476999001900566952012300585188062SpMaBN20251009173356.0180423s1974 sp |||| | cat d a821.134.1-14"18"1 aVerdaguer, Jacint,d1845-1902911399810aAntología poètica / cJacint Verdaguer ; selecció i prólegs de Carles Riba i Pere Ribot. a4ª ed. aBarcelona : bSelecta, c1974. a210 p. ; c18 cm.1 aBiblioteca Selecta ; v63. aPoesía ; v, 221 aRiba, Carles, d1893-19599966981 aRibot, Pere.9968370 aBiblioteca Selecta ; v63. aPoesía ; v, 229225637 aES-MaACLjL-31942 z. - Donat. herederos de la bibl. de Mª del Pilar Costa Palacín c188062d188062 00104070aATENEOMbATENEOMcDEPO2d2018-04-23eDONl0oL-31942p1198752r2023-02-23 00:00:00w2023-02-23yMONOGRAFIA